Radiohead - In Rainbows Songs - Statistics

General Stats
  • This quiz has been taken 31 times
  • The average score is 8 of 10
Answer Stats
Spotify Streams Song % Correct
292,393,514 Weird Fishes/Arpeggi
92%
277,896,336 All I Need
85%
314,834,381 Jigsaw Falling Into Place
85%
59,810,960 Videotape
85%
122,593,291 House Of Cards
81%
199,575,360 Nude
81%
120,994,129 Reckoner
81%
108,406,128 15 Step
77%
51,945,619 Faust Arp
77%
84,865,183 Bodysnatchers
73%
No matching quizzes found
Score Distribution
Percent of People with Each Score
Percentile by Number Answered
Your Score History
You have not taken this quiz